| 000 -LEADER |
| fixed length control field |
00903nam a22001577a 4500 |
| 003 - CONTROL NUMBER IDENTIFIER |
| control field |
OSt |
| 005 - DATE AND TIME OF LATEST TRANSACTION |
| control field |
20221125143230.0 |
| 008 - FIXED-LENGTH DATA ELEMENTS--GENERAL INFORMATION |
| fixed length control field |
190503b xxu||||| |||| 00| 0 eng d |
| 040 ## - CATALOGING SOURCE |
| Transcribing agency |
RUA |
| 082 ## - DEWEY DECIMAL CLASSIFICATION NUMBER |
| Classification number |
SOR SRE 2010 B544 Or.1 |
| 100 ## - MAIN ENTRY--PERSONAL NAME |
| 9 (RLIN) |
13546 |
| Personal name |
SRENG SYNEATH.ស្រេង ស៊ីនាថ |
| 245 ## - TITLE STATEMENT |
| Title |
the comp arision of income taking from non-timbe taking from non-timber forest product in community forestry at sraeampum commune,pechrada district, mondulkiri province,ការបៀបធៀបពីប្រាស់ចំណូលដែលចំណូលដែលបានពីះនុផលព្រៃឈើរបស់សហគមន៍ព្រៃឈើនៅក្នុងឃុំស្រែអំពូមស្រុកពេជ្រាដាខេត្តមណ្ឌលគីរី |
| 260 ## - PUBLICATION, DISTRIBUTION, ETC. (IMPRINT) |
| Place of publication, distribution, etc. |
phnom penh |
| Name of publisher, distributor, etc. |
rua |
| Date of publication, distribution, etc. |
2010 |
| 300 ## - PHYSICAL DESCRIPTION |
| Extent |
x;47p; |
| Other physical details |
ill; |
| Dimensions |
29cm; |
| 942 ## - ADDED ENTRY ELEMENTS (KOHA) |
| Source of classification or shelving scheme |
|
| Koha item type |
FOR |